<?xml version="1.0" encoding="UTF-8"?><?xml-stylesheet type="text/xsl" href="static/style.xsl"?><OAI-PMH xmlns="http://www.openarchives.org/OAI/2.0/" xmlns:xsi="http://www.w3.org/2001/XMLSchema-instance" xsi:schemaLocation="http://www.openarchives.org/OAI/2.0/ http://www.openarchives.org/OAI/2.0/OAI-PMH.xsd"><responseDate>2026-05-17T01:18:26Z</responseDate><request verb="GetRecord" identifier="oai:repisalud.isciii.es:20.500.12105/13311" metadataPrefix="marc">https://repisalud.isciii.es/rest/oai/request</request><GetRecord><record><header><identifier>oai:repisalud.isciii.es:20.500.12105/13311</identifier><datestamp>2024-09-27T15:44:17Z</datestamp><setSpec>com_20.500.12105_2052</setSpec><setSpec>com_20.500.12105_2051</setSpec><setSpec>col_20.500.12105_19620</setSpec></header><metadata><record xmlns="http://www.loc.gov/MARC21/slim" xmlns:dcterms="http://purl.org/dc/terms/" xmlns:doc="http://www.lyncode.com/xoai" xmlns:xsi="http://www.w3.org/2001/XMLSchema-instance" xsi:schemaLocation="http://www.loc.gov/MARC21/slim http://www.loc.gov/standards/marcxml/schema/MARC21slim.xsd">
   <leader>00925njm 22002777a 4500</leader>
   <datafield ind2=" " ind1=" " tag="042">
      <subfield code="a">dc</subfield>
   </datafield>
   <datafield ind2=" " ind1=" " tag="720">
      <subfield code="a">Gasco, Luis</subfield>
      <subfield code="e">author</subfield>
   </datafield>
   <datafield ind2=" " ind1=" " tag="720">
      <subfield code="a">Nentidis, Anastasios</subfield>
      <subfield code="e">author</subfield>
   </datafield>
   <datafield ind2=" " ind1=" " tag="720">
      <subfield code="a">Krithara, Anastasia</subfield>
      <subfield code="e">author</subfield>
   </datafield>
   <datafield ind2=" " ind1=" " tag="720">
      <subfield code="a">Estrada-Zavala, Darryl</subfield>
      <subfield code="e">author</subfield>
   </datafield>
   <datafield ind2=" " ind1=" " tag="720">
      <subfield code="a">Murasaki, Renato Toshiyuki</subfield>
      <subfield code="e">author</subfield>
   </datafield>
   <datafield ind2=" " ind1=" " tag="720">
      <subfield code="a">Primo-Peña, Elena</subfield>
      <subfield code="e">author</subfield>
   </datafield>
   <datafield ind2=" " ind1=" " tag="720">
      <subfield code="a">Bojo Canales, Cristina</subfield>
      <subfield code="e">author</subfield>
   </datafield>
   <datafield ind2=" " ind1=" " tag="720">
      <subfield code="a">Paliouras, Georgios</subfield>
      <subfield code="e">author</subfield>
   </datafield>
   <datafield ind2=" " ind1=" " tag="720">
      <subfield code="a">Krallinger, Martin</subfield>
      <subfield code="e">author</subfield>
   </datafield>
   <datafield ind2=" " ind1=" " tag="260">
      <subfield code="c">2021-08</subfield>
   </datafield>
   <datafield ind2=" " ind1=" " tag="520">
      <subfield code="a">There is a pressing need to exploit recent advances in natural language processing technologies, in&#xd;
particular language models and deep learning approaches, to enable improved retrieval, classification&#xd;
and ultimately access to information contained in multiple, heterogeneous types of documents. This is&#xd;
particularly true for the field of biomedicine and clinical research, where medical experts and scientists&#xd;
need to carry out complex search queries against a variety of document collections, including literature,&#xd;
patents, clinical trials or other kind of content like EHRs. Indexing documents with structured controlled&#xd;
vocabularies used for semantic search engines and query expansion purposes is a critical task for enabling&#xd;
sophisticated user queries and even cross-language retrieval. Due to the complexity of the medical domain&#xd;
and the use of very large hierarchical indexing terminologies, implementing efficient automatic systems&#xd;
to aid manual indexing is extremely difficult. This paper provides a summary of the MESINESP task&#xd;
results on medical semantic indexing in Spanish (BioASQ/ CLEF 2021 Challenge). MESINESP was carried&#xd;
out in direct collaboration with literature content databases and medical indexing experts using the DeCS&#xd;
vocabulary, a similar resource as MeSH terms. Seven participating teams used advanced technologies&#xd;
including extreme multilabel classification and deep language models to solve this challenge which can&#xd;
be viewed as a multi-label classification problem. MESINESP resources, we have released a Gold Standard&#xd;
collection of 243,000 documents with a total of 2179 manual annotations divided in train, development&#xd;
and test subsets covering literature, patents as well as clinical trial summaries, under a cross-genre&#xd;
training and data labeling scenario. Manual indexing of the evaluation subsets was carried out by three&#xd;
independent experts using a specially developed indexing interface called ASIT. Additionally, we have&#xd;
published a collection of large-scale automatic semantic annotations based on NER systems of these&#xd;
documents with mentions of drugs/medications (170,000), symptoms (137,000), diseases (840,000) and&#xd;
clinical procedures (415,000). In addition to a summary of the used technologies by the teams, this paper</subfield>
   </datafield>
   <datafield ind1="8" ind2=" " tag="024">
      <subfield code="a">CEUR Workshop Proceedings. 2021:2936 165-187</subfield>
   </datafield>
   <datafield ind1="8" ind2=" " tag="024">
      <subfield code="a">1613-0073</subfield>
   </datafield>
   <datafield ind1="8" ind2=" " tag="024">
      <subfield code="a">http://hdl.handle.net/20.500.12105/13311</subfield>
   </datafield>
   <datafield tag="653" ind2=" " ind1=" ">
      <subfield code="a">Hierarchical Text Classification</subfield>
   </datafield>
   <datafield tag="653" ind2=" " ind1=" ">
      <subfield code="a">Semantic Indexing</subfield>
   </datafield>
   <datafield tag="653" ind2=" " ind1=" ">
      <subfield code="a">Information Retrieval</subfield>
   </datafield>
   <datafield tag="653" ind2=" " ind1=" ">
      <subfield code="a">Question Answering</subfield>
   </datafield>
   <datafield tag="653" ind2=" " ind1=" ">
      <subfield code="a">Biomedical knowledge</subfield>
   </datafield>
   <datafield tag="653" ind2=" " ind1=" ">
      <subfield code="a">Automatic Indexing</subfield>
   </datafield>
   <datafield tag="653" ind2=" " ind1=" ">
      <subfield code="a">DeCS</subfield>
   </datafield>
   <datafield tag="653" ind2=" " ind1=" ">
      <subfield code="a">Spanish</subfield>
   </datafield>
   <datafield ind2="0" ind1="0" tag="245">
      <subfield code="a">Overview of BioASQ 2021-MESINESP track. Evaluation of advance hierarchical classification techniques for scientific literature, patents and clinical trials</subfield>
   </datafield>
</record></metadata></record></GetRecord></OAI-PMH>